| 000 | 00600nam a2200193 i 4500 | ||
|---|---|---|---|
| 001 | 55126 | ||
| 003 | ES-MaACL | ||
| 005 | 20230906163104.0 | ||
| 007 | t| | ||
| 008 | 030912s1964 sp ||||1| spa d | ||
| 100 | 1 |
_aDelibes, Miguel, _d1920-2010 _9233557 |
|
| 245 | 1 | 3 |
_aEl libro de la caza menor / _cMiguel Delibes ; fotografías de Francisco Ontañón. |
| 250 | _a[1ª ed.]. | ||
| 260 |
_aBarcelona : _bDestino, _c[1964] |
||
| 300 |
_a218 p., 48 lám. ; _c22 cm. |
||
| 700 | 0 |
_aOntañón, Francisco, _d1930-2008 _987097 |
|
| 852 |
_aES-MaACL _jC-25758 _bR.54498 |
||
| 999 |
_c55126 _d55126 |
||